Industrial economics / (Record no. 22664)
[ view plain ]
| 000 -LEADER | |
|---|---|
| fixed length control field | 01046nam a22002417a 4500 |
| 008 - FIXED-LENGTH DATA ELEMENTS--GENERAL INFORMATION | |
| fixed length control field | 090130t xxu||||| |||| 00| 0 eng d |
| 010 ## - LCCN (DPL NO) | |
| LC control number | ENG-92706 |
| 020 ## - INTERNATIONAL STANDARD BOOK NUMBER | |
| Terms of availability | 150.00 |
| International Standard Book Number | 9788190761499 |
| 035 ## - SYSTEM CONTROL NUMBER | |
| System control number | EN-76239 |
| 037 ## - SOURCE OF ACQUISITION | |
| Source of stock number/acquisition | DBAD / PUB |
| 040 ## - CATALOGING SOURCE | |
| Original cataloging agency | dpl |
| Language of cataloging | English |
| 082 ## - DEWEY DECIMAL CLASSIFICATION NUMBER | |
| Classification number | 338.5 |
| 100 ## - MAIN ENTRY--PERSONAL NAME | |
| Personal name | Joseph Baskaran, P. |
| 245 ## - TITLE STATEMENT | |
| Title | Industrial economics / |
| Statement of responsibility, etc | by P. Joseph Baskaran |
| 260 ## - PUBLICATION, DISTRIBUTION, ETC. (IMPRINT) | |
| Place of publication, distribution, etc | Chennai |
| Name of publisher, distributor, etc | Thirupathi Publications |
| Date of publication, distribution, etc | 2008 |
| 270 ## - ADDRESS | |
| Address | No. 63, Razak Garden, Arumpakkam |
| City | Chennai |
| Postal code | 106 |
| 300 ## - PHYSICAL DESCRIPTION | |
| Extent | 183p. |
| Dimensions | 20cm (pbk) |
| 500 ## - GENERAL NOTE | |
| General note | Includes bibliographical references |
| 650 ## - SUBJECT ADDED ENTRY--TOPICAL TERM | |
| Topical term or geographic name as entry element | Industrial organization (Economic theory) |
| 942 ## - ADDED ENTRY ELEMENTS (KOHA) | |
| Source of classification or shelving scheme | Dewey Decimal Classification |
| Item type | English Books |
| Call number suffix | JOS |
| Classification part | 338.5 |
| Withdrawn status | Lost status | Source of classification or shelving scheme | Damaged status | Not for loan | Collection code | Home library | Current library | Date acquired | Source of acquisition | Cost, normal purchase price | Total Checkouts | Full call number | Barcode | Date last seen | Copy number | Cost, replacement price | Koha item type | Total Renewals |
|---|---|---|---|---|---|---|---|---|---|---|---|---|---|---|---|---|---|---|
| Dewey Decimal Classification | Not For Loan | Non-fiction | D.B.Act.Division | D.B.Act.Division | 02/02/2009 | DBAD / PUB | 150.00 | 338.5 JOS | EN-76239 | 30/01/2009 | 1 | 150.00 | English Books | |||||
| Dewey Decimal Classification | Non-fiction | Vinoba Puri | Vinoba Puri | 05/03/2009 | 150.00 | 2 | 338.5 JOS | B-317792 | 18/12/2021 | 1 | 150.00 | English Books | 2 |
